রেখা চিত্র / (Record no. 26511)

MARC details
000 -LEADER
fixed length control field 00697nam a22002177a 4500
003 - CONTROL NUMBER IDENTIFIER
control field BDDh-ASL
005 - DATE AND TIME OF LATEST TRANSACTION
control field 20231015030643.0
008 - FIXED-LENGTH DATA ELEMENTS--GENERAL INFORMATION
fixed length control field 201108s1965 b ||||| |||| 00| 0 b d
040 ## - CATALOGING SOURCE
Original cataloging agency BDDh-ASL
Transcribing agency BDDh-ASL
041 ## - LANGUAGE CODE
Language code of text/sound track or separate title ben
082 ## - DEWEY DECIMAL CLASSIFICATION NUMBER
Classification number 928.9144
Item number FAR
100 1# - MAIN ENTRY--PERSONAL NAME
Personal name ফজল, আবুল
9 (RLIN) 1054
245 10 - TITLE STATEMENT
Title রেখা চিত্র /
246 ## - VARYING FORM OF TITLE
Title proper/short title Rekha Chitra
260 ## - PUBLICATION, DISTRIBUTION, ETC.
Place of publication, distribution, etc. চট্টগ্রাম:
Name of publisher, distributor, etc. বই ঘর,
Date of publication, distribution, etc. ১৯৬৫।
300 ## - PHYSICAL DESCRIPTION
Extent ৪১৩ পৃষ্ঠা, :
Dimensions ২২ সে. মি.
600 10 - SUBJECT ADDED ENTRY--PERSONAL NAME
Personal name ফজল, আবুল
9 (RLIN) 1054
650 #0 - SUBJECT ADDED ENTRY--TOPICAL TERM
9 (RLIN) 1697
Topical term or geographic name entry element জীবনী
650 #0 - SUBJECT ADDED ENTRY--TOPICAL TERM
9 (RLIN) 4948
Topical term or geographic name entry element Autobiography (আত্মজীবনী)
942 ## - ADDED ENTRY ELEMENTS (KOHA)
Source of classification or shelving scheme Dewey Decimal Classification
Koha item type Books
Holdings
Withdrawn status Lost status Source of classification or shelving scheme Damaged status Not for loan Collection code Home library Current library Shelving location Date acquired Source of acquisition Total Checkouts Full call number Barcode Date last seen Copy number Price effective from Koha item type
    Dewey Decimal Classification     Non-fiction Asiatic Society Library Asiatic Society Library General Stacks 10/13/2021 ASB Collection   928.9144 FAR 112550 10/13/2021 C-1 10/13/2021 Books
    Dewey Decimal Classification     Non-fiction Asiatic Society Library Asiatic Society Library General Stacks 09/14/2022 Donated by Prof. (Dr.) M. Abdul Qayyum & Dr. Razia Sultana   928.9144 FAR 117355 09/14/2022 C-2 09/14/2022 Books

Powered by Koha